[Event "First Saturday 2011 marcius IM"]
[Site "Budapest"]
[Date "2011.03.05"]
[Round "1"]
[White "Lyell, Mark"]
[Black "Szalanczy, Emil"]
[Result "0-1"]
[WhiteElo "2181"]
[BlackElo "2269"]
[PlyCount "100"]
[EventDate "2011.03.05"]

1. e4 c5 2. Nc3 Nc6 3. Bb5 Nd4 4. Bc4 e6 5. Nge2 a6 6. d3 Nf6 7. O-O Qc7 8.
Nxd4 cxd4 9. Ne2 Nxe4 10. Bxe6 dxe6 11. dxe4 e5 12. c3 d3 13. Qxd3 Be6 14. Be3
Be7 15. Qc2 O-O 16. Ng3 g6 17. Kh1 b5 18. f4 Rac8 19. f5 Bc4 20. f6 Bd8 21. Rf3
Re8 22. Qf2 Be6 23. Nf5 Bxf5 24. exf5 Qd6 25. fxg6 hxg6 26. Rf1 Re6 27. Qh4 Rc4
28. Qg5 Kf8 29. R3f2 Ke8 30. Rd2 Qf8 31. Rfd1 Rc8 32. Qh4 Bxf6 33. Bg5 Qe7 34.
Bxf6 Qxf6 35. Qe4 Kf8 36. Kg1 Rce8 37. Rf2 Qg5 38. h4 Qh5 39. Rd7 R8e7 40. Qa8+
Kg7 41. Rd8 Qh7 42. g4 e4 43. h5 g5 44. Rf5 e3 45. Kf1 Rf6 46. Rdd5 Qh6 47. Ke2
Rxf5 48. Rxf5 Qd6 49. Rxg5+ Kh6 50. Rd5 Qh2+ 0-1

[Event "First Saturday 2011 marcius IM"]
[Site "Budapest"]
[Date "2011.03.05"]
[Round "1"]
[White "Koczo, Kristof"]
[Black "Farago, Sandor"]
[Result "1/2-1/2"]
[WhiteElo "2264"]
[BlackElo "2295"]
[PlyCount "120"]
[EventDate "2011.03.05"]

1. d4 Nf6 2. c4 g6 3. Nc3 Bg7 4. e4 d6 5. h3 O-O 6. Bg5 c5 7. d5 a6 8. a4 Qa5
9. Bd2 e6 10. Bd3 Qc7 11. Nf3 exd5 12. cxd5 c4 13. Bc2 Nbd7 14. O-O Re8 15. Re1
Rb8 16. Be3 b6 17. Qd2 Nc5 18. Bd4 Bb7 19. e5 Nxd5 20. Bxc5 Qxc5 21. Ne4 Qb4
22. Nxd6 Red8 23. Be4 Qxd2 24. Nxd2 b5 25. axb5 axb5 26. Ra7 Bc6 27. Nxf7 Re8
28. f4 Ra8 29. Rea1 Rxa7 30. Rxa7 Bf8 31. Nd6 Rd8 32. Ra6 Nb4 33. Rb6 Bxd6 34.
exd6 Rxd6 35. Nf1 Re6 36. Bxc6 Nxc6 37. Rxb5 Nd4 38. Rb8+ Kg7 39. Rb7+ Kg8 40.
Nd2 Re1+ 41. Kh2 Re2 42. Nxc4 Nf3+ 43. Kg3 Ne1 44. Rb3 Rxg2+ 45. Kh4 Rg1 46.
Rg3 Rf1 47. Rg4 Rf2 48. b4 Kg7 49. Ne5 Nc2 50. Kg3 Re2 51. b5 Re3+ 52. Kf2 Rb3
53. f5 Rxb5 54. Nxg6 Rxf5+ 55. Nf4+ Kf6 56. Kg3 Ne3 57. Rh4 Kg7 58. Kf3 Nd5 59.
Ke4 Rxf4+ 60. Rxf4 Nxf4 1/2-1/2

[Event "First Saturday 2011 marcius IM"]
[Site "Budapest"]
[Date "2011.03.05"]
[Round "1"]
[White "Lengyel, Bela"]
[Black "Tesik, Csaba"]
[Result "1/2-1/2"]
[WhiteElo "2296"]
[BlackElo "2295"]
[PlyCount "55"]
[EventDate "2011.03.05"]

1. e4 e5 2. Nf3 Nc6 3. Bb5 Nf6 4. O-O Bc5 5. c3 O-O 6. d4 Bb6 7. dxe5 Nxe4 8.
Qd5 Nc5 9. Bg5 Ne7 10. Qd1 Ne4 11. Bh4 d5 12. Nbd2 c6 13. Bd3 Bf5 14. Qc2 Nxd2
15. Bxf5 Nxf3+ 16. gxf3 Kh8 17. f4 Qc7 18. Bh3 Ng6 19. Bg3 f6 20. Rae1 fxe5 21.
fxe5 Nf4 22. Bf5 g6 23. Bxf4 Rxf5 24. Bg3 Qe7 25. Kg2 Qe6 26. f4 Raf8 27. Qe2
Rd8 28. Rd1 1/2-1/2

[Event "First Saturday 2011 marcius IM"]
[Site "Budapest"]
[Date "2011.03.05"]
[Round "1"]
[White "Battey, Alexander"]
[Black "Tran, Tuan Minh"]
[Result "0-1"]
[WhiteElo "2260"]
[BlackElo "2295"]
[PlyCount "92"]
[EventDate "2011.03.05"]

1. e4 e6 2. d4 d5 3. Nc3 Bb4 4. a3 Bxc3+ 5. bxc3 dxe4 6. Qg4 Nf6 7. Qxg7 Rg8 8.
Qh6 Rg6 9. Qe3 Nc6 10. Ne2 Ne7 11. Ng3 Ned5 12. Qd2 Qd6 13. c4 Ne7 14. c5 Qd5
15. c4 Qc6 16. Be2 b6 17. cxb6 axb6 18. O-O Bb7 19. Qf4 O-O-O 20. Be3 Qd6 21.
Qh4 Rdg8 22. Rfd1 Nf5 23. Qf4 Qxf4 24. Bxf4 h5 25. Bf1 Ne7 26. h4 Rg4 27. Bg5
R8xg5 28. hxg5 Rxg5 29. a4 h4 30. Ne2 Ng6 31. Ra3 Ng4 32. Rd2 f5 33. Rb3 f4 34.
Rb5 e5 35. dxe5 N4xe5 36. Rbd5 Bxd5 37. Rxd5 f3 38. Nd4 Nf4 39. Rxe5 Rxe5 40.
gxf3 c5 41. Ne2 Rg5+ 42. Kh2 Nxe2 43. Bxe2 Rf5 44. Kg2 exf3+ 45. Bxf3 Rf4 46.
Bd5 Kd7 0-1

[Event "First Saturday 2011 marcius IM"]
[Site "Budapest"]
[Date "2011.03.05"]
[Round "1"]
[White "Bagi, Mate"]
[Black "To, Nhat Minh"]
[Result "1-0"]
[WhiteElo "2238"]
[BlackElo "2345"]
[PlyCount "47"]
[EventDate "2011.03.05"]

1. e4 c5 2. Nf3 d6 3. d4 cxd4 4. Nxd4 Nf6 5. Nc3 a6 6. Bg5 Nc6 7. Qd2 e6 8.
O-O-O Be7 9. f3 Nxd4 10. Qxd4 b5 11. Kb1 Qc7 12. Ne2 Bb7 13. Bxf6 gxf6 14. Qd2
O-O-O 15. Nf4 d5 16. exd5 f5 17. c4 bxc4 18. Bxc4 Kb8 19. Bb3 Bg5 20. Nxe6 Bxd2
21. Nxc7 Ba5 22. d6 Rhg8 23. Bxf7 Rxg2 24. Ne6 1-0

[Event "First Saturday 2011 marcius IM"]
[Site "Budapest"]
[Date "2011.03.06"]
[Round "2"]
[White "Tran, Tuan Minh"]
[Black "Bagi, Mate"]
[Result "1/2-1/2"]
[WhiteElo "2295"]
[BlackElo "2238"]
[PlyCount "74"]
[EventDate "2011.03.05"]

1. d4 Nf6 2. Nf3 c5 3. d5 b5 4. Qd3 Ba6 5. e4 b4 6. Qe3 Bxf1 7. Kxf1 d6 8. Qd3
Nbd7 9. Nbd2 g6 10. Nc4 Bg7 11. h3 O-O 12. g4 Nb6 13. Kg2 Nxc4 14. Qxc4 Nd7 15.
Rb1 Nb6 16. Qe2 e6 17. dxe6 fxe6 18. b3 a5 19. Bg5 Qd7 20. Rbe1 Rf7 21. Bh4 d5
22. exd5 Nxd5 23. Bg3 Raf8 24. Ne5 Qb7 25. Kh2 Nc3 26. Qd2 Ne4 27. Rxe4 Qxe4
28. Nxf7 Rxf7 29. Re1 Qd5 30. Qxd5 exd5 31. Re6 g5 32. Rd6 d4 33. Kg2 Bf8 34.
Rc6 Rd7 35. Kf1 d3 36. cxd3 Rxd3 37. Ra6 Rc3 {after 23 move} 1/2-1/2

[Event "First Saturday 2011 marcius IM"]
[Site "Budapest"]
[Date "2011.03.06"]
[Round "2"]
[White "Tesik, Csaba"]
[Black "Battey, Alexander"]
[Result "1-0"]
[WhiteElo "2295"]
[BlackElo "2260"]
[PlyCount "79"]
[EventDate "2011.03.05"]

1. e4 c6 2. d4 d5 3. e5 Bf5 4. h4 h5 5. c4 e6 6. Nc3 Ne7 7. Bg5 dxc4 8. Bxc4
Nd7 9. Nf3 f6 10. Bf4 Nb6 11. Bb3 Nbd5 12. Bg3 Nxc3 13. bxc3 Nd5 14. Qd2 Qa5
15. O-O O-O-O 16. Bxd5 Rxd5 17. Qf4 fxe5 18. Nxe5 Bd6 19. Qe3 Bxe5 20. Bxe5 Rd7
21. c4 b6 22. Rfc1 Kb7 23. c5 Rhd8 24. cxb6 axb6 25. Qf3 Qd5 26. Qxh5 Ra8 27.
a4 g6 28. Qe2 Ra5 29. Qb2 Rh7 30. Qb4 c5 31. dxc5 Rxc5 32. Bg3 Qe4 33. Qb2 Rc2
34. Rxc2 Qxc2 35. Qe5 Rd7 36. Qb8+ Ka6 37. Kh2 Be4 38. Re1 Bd5 39. Re5 Qxa4 40.
Re1 1-0

[Event "First Saturday 2011 marcius IM"]
[Site "Budapest"]
[Date "2011.03.06"]
[Round "2"]
[White "Farago, Sandor"]
[Black "Lengyel, Bela"]
[Result "1/2-1/2"]
[WhiteElo "2295"]
[BlackElo "2296"]
[PlyCount "33"]
[EventDate "2011.03.05"]

1. d4 d5 2. c4 e6 3. Nc3 Nf6 4. cxd5 exd5 5. Bg5 Be7 6. e3 Nbd7 7. Qc2 c6 8.
Bd3 O-O 9. Nf3 Re8 10. h3 Nf8 11. Bf4 Be6 12. O-O-O Rc8 13. Kb1 b5 14. Rc1 Qa5
15. Nd2 N6d7 16. Nb3 Qb6 17. Ne2 1/2-1/2

[Event "First Saturday 2011 marcius IM"]
[Site "Budapest"]
[Date "2011.03.06"]
[Round "2"]
[White "Szalanczy, Emil"]
[Black "Koczo, Kristof"]
[Result "1-0"]
[WhiteElo "2269"]
[BlackElo "2264"]
[PlyCount "91"]
[EventDate "2011.03.05"]

1. e4 c5 2. Nf3 d6 3. d4 cxd4 4. Nxd4 Nf6 5. Nc3 a6 6. Be3 e6 7. g4 h6 8. Qe2
Nc6 9. O-O-O Qc7 10. h4 Bd7 11. Bh3 Nxd4 12. Rxd4 Rc8 13. g5 hxg5 14. hxg5 Ng8
15. Rd2 Ne7 16. f4 Qa5 17. Kb1 Rxc3 18. bxc3 Bb5 19. Rd3 Bc4 20. Kc1 d5 21. Bg2
Rxh1+ 22. Bxh1 Qxa2 23. Kd2 Nc6 24. exd5 Nb4 25. cxb4 Bxb4+ 26. Kd1 Qb1+ 27.
Bc1 Ba3 28. Qd2 Bxd3 29. cxd3 Bxc1 30. Qxc1 Qxd3+ 31. Ke1 exd5 32. Qc8+ Ke7 33.
Qc7+ Ke6 34. Qe5+ Kd7 35. Qxd5+ Qxd5 36. Bxd5 b5 37. Bxf7 a5 38. Kd2 Ke7 39.
Bg8 Kd6 40. Kd3 Ke7 41. Kd4 Kd6 42. Bf7 Ke7 43. Bd5 Kd6 44. f5 Ke7 45. Kc5 b4
46. Bb3 1-0

[Event "First Saturday 2011 marcius IM"]
[Site "Budapest"]
[Date "2011.03.06"]
[Round "2"]
[White "Rzayev, Bahruz"]
[Black "Lyell, Mark"]
[Result "1/2-1/2"]
[WhiteElo "2230"]
[BlackElo "2181"]
[PlyCount "88"]
[EventDate "2011.03.05"]

1. e4 e5 2. Nc3 Nc6 3. Bc4 Nf6 4. d3 Na5 5. Nge2 Nxc4 6. dxc4 Bc5 7. O-O d6 8.
h3 Be6 9. Qd3 Nd7 10. b3 O-O 11. Kh1 f5 12. f4 Qh4 13. Kh2 Rae8 14. Be3 fxe4
15. Nxe4 Bxe3 16. Qxe3 Bf5 17. N4c3 exf4 18. Qxf4 Qxf4+ 19. Rxf4 Bxc2 20. Rxf8+
Nxf8 21. Nd4 Bg6 22. Ncb5 Ne6 23. Nxe6 Rxe6 24. Nxc7 Re2 25. Nd5 Be8 26. Kg3
Bc6 27. Rd1 Kf7 28. h4 Rxa2 29. Rf1+ Ke8 30. Re1+ Kd8 31. Re6 Rb2 32. Rxd6+ Kc8
33. h5 Rxb3+ 34. Kf4 a5 35. h6 gxh6 36. Rxh6 a4 37. Rxh7 a3 38. Ke5 a2 39. Rh8+
Kd7 40. Ra8 Bxd5 41. Kxd5 Rb2 42. g4 Rg2 43. Ra3 Kc7 44. c5 Rxg4 1/2-1/2

[Event "First Saturday 2011 marcius IM"]
[Site "Budapest"]
[Date "2011.03.07"]
[Round "3"]
[White "Koczo, Kristof"]
[Black "Rzayev, Bahruz"]
[Result "0-1"]
[WhiteElo "2264"]
[BlackElo "2230"]
[PlyCount "70"]
[EventDate "2011.03.05"]

1. d4 c5 2. d5 e5 3. e4 d6 4. Nc3 Be7 5. Nf3 Nf6 6. Be2 O-O 7. O-O Nbd7 8. Nd2
Ne8 9. Nc4 Bg5 10. Bg4 g6 11. f4 exf4 12. Bxf4 Bxf4 13. Rxf4 Qg5 14. Rf2 Ne5
15. Nxe5 dxe5 16. Bxc8 Rxc8 17. Qc1 Qh4 18. Qd2 Nd6 19. Qe2 Rce8 20. g3 Qd8 21.
Nb5 Nc8 22. c4 a6 23. Nc3 Nd6 24. Raf1 f5 25. exf5 gxf5 26. b3 Qg5 27. h4 Qg7
28. Kh2 Kh8 29. Rg2 Rf6 30. g4 Rh6 31. Kh3 Qg5 32. Qf2 Rg8 33. Rfg1 f4 34. h5
Nf5 35. Rh2 Qxh5+ 0-1

[Event "First Saturday 2011 marcius IM"]
[Site "Budapest"]
[Date "2011.03.07"]
[Round "3"]
[White "Lengyel, Bela"]
[Black "Szalanczy, Emil"]
[Result "1/2-1/2"]
[WhiteElo "2296"]
[BlackElo "2269"]
[PlyCount "25"]
[EventDate "2011.03.05"]

1. e4 c5 2. Nf3 d6 3. d4 cxd4 4. Nxd4 Nf6 5. Nc3 g6 6. Be2 Nc6 7. Nb3 Bg7 8.
O-O O-O 9. Kh1 Be6 10. Bg5 Rc8 11. f4 a6 12. Bf3 Bc4 13. Rf2 1/2-1/2

[Event "First Saturday 2011 marcius IM"]
[Site "Budapest"]
[Date "2011.03.07"]
[Round "3"]
[White "Battey, Alexander"]
[Black "Farago, Sandor"]
[Result "1-0"]
[WhiteElo "2260"]
[BlackElo "2295"]
[PlyCount "133"]
[EventDate "2011.03.05"]

1. d4 d5 2. Bf4 Nf6 3. e3 g6 4. Nf3 c6 5. c4 a6 6. Nbd2 Bg7 7. cxd5 cxd5 8. Rc1
Nc6 9. h3 O-O 10. Bd3 Bd7 11. a3 Qb6 12. b4 Rfc8 13. O-O Na7 14. Qb3 e6 15. Rc5
Bf8 16. Rfc1 Bxc5 17. dxc5 Qd8 18. Bg5 h6 19. Bxh6 Nh7 20. Ne5 Nc6 21. Ndf3 Be8
22. Qc3 Qf6 23. h4 Nxe5 24. Nxe5 Bb5 25. Bb1 d4 26. exd4 Qxh4 27. Qf3 Be8 28.
Be3 Rab8 29. Bf4 Nf6 30. Nc4 Bc6 31. Qg3 Qxg3 32. Bxg3 Nd5 33. Bxb8 Rxb8 34. g3
Nf6 35. Ne5 Bd5 36. f3 Rc8 37. Rd1 Kg7 38. Rd2 Nh7 39. Kf2 Nf8 40. Be4 f6 41.
Bxd5 exd5 42. Nd3 Ne6 43. Nf4 Nc7 44. a4 g5 45. Ne2 Ne6 46. Rb2 Kf7 47. Ke3 Nc7
48. Nc3 Re8+ 49. Kd3 Rd8 50. b5 a5 51. b6 Na6 52. Rh2 Nb4+ 53. Kd2 Kg7 54. Re2
Kf7 55. Nb5 Rd7 56. Nd6+ Kg6 57. Re8 Nc6 58. Kc3 g4 59. fxg4 Kg5 60. Rg8+ Kh6
61. Rc8 Kg5 62. Rxc6 bxc6 63. b7 Rxb7 64. Nxb7 Kxg4 65. Nd8 Kxg3 66. Nxc6 f5
67. Ne5 1-0

[Event "First Saturday 2011 marcius IM"]
[Site "Budapest"]
[Date "2011.03.07"]
[Round "3"]
[White "Bagi, Mate"]
[Black "Tesik, Csaba"]
[Result "1/2-1/2"]
[WhiteElo "2238"]
[BlackElo "2295"]
[PlyCount "76"]
[EventDate "2011.03.05"]

1. e4 c5 2. Nf3 e6 3. d4 cxd4 4. Nxd4 a6 5. Bd3 Bc5 6. Nb3 Be7 7. Be3 d6 8.
N1d2 Nf6 9. f4 Nbd7 10. Qf3 Qc7 11. O-O-O b5 12. g4 h6 13. h4 h5 14. g5 Ng4 15.
Nf1 g6 16. Nh2 Nxh2 17. Rxh2 Bb7 18. Re2 O-O 19. Qh3 Nc5 20. Nxc5 dxc5 21. c3
Rad8 22. Bb1 Rxd1+ 23. Kxd1 Rd8+ 24. Rd2 Rxd2+ 25. Bxd2 Qd7 26. Qd3 Qxd3 27.
Bxd3 c4 28. Bc2 f5 29. gxf6 Bxf6 30. Be1 e5 31. fxe5 Bxe5 32. Ke2 Kf7 33. Kf3
Kf6 34. Bd2 Bc8 35. Bf4 Ke6 36. Bxe5 Kxe5 37. a4 Be6 38. Ke3 Bd7 1/2-1/2

[Event "First Saturday 2011 marcius IM"]
[Site "Budapest"]
[Date "2011.03.07"]
[Round "3"]
[White "To, Nhat Minh"]
[Black "Tran, Tuan Minh"]
[Result "1-0"]
[WhiteElo "2345"]
[BlackElo "2295"]
[PlyCount "105"]
[EventDate "2011.03.05"]

1. c4 e6 2. Nf3 Nf6 3. g3 b6 4. Bg2 Bb7 5. O-O Be7 6. Nc3 O-O 7. Re1 c5 8. e4
d6 9. d4 cxd4 10. Nxd4 Qc8 11. b3 Nc6 12. Be3 Rd8 13. Rc1 Ne5 14. h3 a6 15. Qe2
Qc7 16. f3 Rab8 17. Bf1 Ba8 18. Qf2 Nc6 19. Nd5 Qd7 20. Nxc6 Bxc6 21. Nxe7+
Qxe7 22. Bxb6 Rd7 23. c5 d5 24. e5 Nh5 25. f4 g5 26. Be2 Ng7 27. Bxa6 gxf4 28.
gxf4 Kh8 29. Bd3 f6 30. Qh4 f5 31. Qxe7 Rxe7 32. Be2 d4 33. Kf2 d3 34. Bxd3 Nh5
35. Ke3 Rg8 36. Rg1 Reg7 37. Rxg7 Rxg7 38. Bf1 Rg3+ 39. Kd2 Nxf4 40. b4 Be4 41.
c6 Nd5 42. Bd8 Ra3 43. c7 Rxa2+ 44. Ke1 Nxc7 45. Rxc7 f4 46. Bc4 Ra1+ 47. Kd2
Bf5 48. Rf7 h5 49. b5 f3 50. Bh4 Rb1 51. Ke3 Rb4 52. Bf6+ Kg8 53. Rg7+ 1-0

[Event "First Saturday 2011 marcius IM"]
[Site "Budapest"]
[Date "2011.03.08"]
[Round "4"]
[White "Farago, Sandor"]
[Black "Bagi, Mate"]
[Result "0-1"]
[WhiteElo "2295"]
[BlackElo "2238"]
[PlyCount "106"]
[EventDate "2011.03.05"]

1. e4 e5 2. Nf3 Nc6 3. Bb5 a6 4. Ba4 Nf6 5. Qe2 b5 6. Bb3 Bc5 7. c3 d6 8. h3
Be6 9. Bc2 O-O 10. d3 h6 11. b4 Bb6 12. a4 d5 13. axb5 axb5 14. Rxa8 Qxa8 15.
Na3 d4 16. cxd4 Bxd4 17. Nxb5 Nxb4 18. Nfxd4 exd4 19. O-O c5 20. Nc7 Qa2 21.
Nxe6 fxe6 22. Bd1 Qb1 23. e5 Nfd5 24. Bxh6 Qxd3 25. Qg4 Rf7 26. Bf3 Qf5 27. Qg3
Ne7 28. Bg4 Qg6 29. Bd2 Ned5 30. h4 Re7 31. Qh3 Kh7 32. Bg5 Re8 33. f4 Ne3 34.
h5 Qd3 35. Ra1 Qc3 36. Rb1 Qc2 37. Ra1 Qc3 38. Rb1 Qc2 39. Ra1 Qb2 40. Rd1 Nd3
41. Rf1 c4 42. Qf3 Nxf1 43. Qe4+ Kh8 44. Qg6 Qf2+ 45. Kh1 Ng3+ 46. Kh2 Nf1+ 47.
Kh1 Ng3+ 48. Kh2 Ra8 49. Bh6 Nf1+ 50. Kh1 Qh4+ 51. Kg1 Qh2+ 52. Kxf1 Qh1+ 53.
Ke2 Qe1+ 0-1

[Event "First Saturday 2011 marcius IM"]
[Site "Budapest"]
[Date "2011.03.08"]
[Round "4"]
[White "Szalanczy, Emil"]
[Black "Battey, Alexander"]
[Result "0-1"]
[WhiteElo "2269"]
[BlackElo "2260"]
[PlyCount "120"]
[EventDate "2011.03.05"]

1. e4 c6 2. d4 d5 3. e5 c5 4. dxc5 e6 5. Be3 Nh6 6. Nf3 Nf5 7. Bd4 Nxd4 8. Qxd4
Bd7 9. c3 Qc7 10. b4 Nc6 11. Qe3 a5 12. b5 Ne7 13. Bd3 Nf5 14. Bxf5 Bxc5 15.
Nd4 exf5 16. Nd2 Bxd4 17. cxd4 Bxb5 18. a4 Ba6 19. Qa3 Rc8 20. h4 Qb6 21. Nb3
Qg6 22. Nc5 Qxg2 23. Qh3 Qg6 24. Rb1 O-O 25. Qg3 Qh5 26. f3 Rc6 27. Kf2 Rg6 28.
Qf4 h6 29. Rhg1 Bc4 30. Rxg6 Qxg6 31. Rg1 Qb6 32. Rg2 Qb1 33. Nd7 Qf1+ 34. Kg3
Rd8 35. e6 Qe1+ 36. Kh2 Qxe6 37. Ne5 Qf6 38. Rb2 b6 39. Rg2 Kh7 40. h5 Kh8 41.
Rb2 Kh7 42. Kg3 Kg8 43. Qh4 Rd6 44. f4 Qxh4+ 45. Kxh4 f6 46. Ng6 Re6 47. Rb1
Kf7 48. Nh8+ Ke8 49. Rg1 Re7 50. Ng6 Re3 51. Nh8 Rf3 52. Ng6 Bf1 53. Rh1 Kd8
54. Rh2 Kd7 55. Rh1 Kd6 56. Rh2 b5 57. axb5 Bxb5 58. Ne7 Rxf4+ 59. Kg3 Rg4+ 60.
Kf3 Kxe7 0-1

[Event "First Saturday 2011 marcius IM"]
[Site "Budapest"]
[Date "2011.03.08"]
[Round "4"]
[White "Rzayev, Bahruz"]
[Black "Lengyel, Bela"]
[Result "1-0"]
[WhiteElo "2230"]
[BlackElo "2296"]
[PlyCount "71"]
[EventDate "2011.03.05"]

1. e4 e5 2. Nc3 Nf6 3. Bc4 Nxe4 4. Qh5 Nd6 5. Bb3 Nc6 6. Nb5 g6 7. Qf3 f5 8.
Qd5 Qe7 9. Nxc7+ Kd8 10. Nxa8 b6 11. Qf3 Bb7 12. Nxb6 axb6 13. d3 Nd4 14. Qh3
f4 15. Nf3 Nxf3+ 16. gxf3 Nf5 17. Bd2 Nd4 18. O-O-O Qc5 19. Kb1 Nxf3 20. Bc3
Bg7 21. Rhf1 Bc6 22. a3 Qe7 23. Rfe1 Qf6 24. Rxe5 Nxe5 25. d4 Qd6 26. Bb4 Qc7
27. d5 Bb5 28. d6 Qb7 29. Qh4+ Kc8 30. Qe7 Qf3 31. Re1 Nc6 32. Qxg7 Rd8 33. Qc3
Qxf2 34. a4 Ba6 35. Be6 Kb8 36. Bxd7 1-0

[Event "First Saturday 2011 marcius IM"]
[Site "Budapest"]
[Date "2011.03.08"]
[Round "4"]
[White "Lyell, Mark"]
[Black "Koczo, Kristof"]
[Result "1-0"]
[WhiteElo "2181"]
[BlackElo "2264"]
[PlyCount "45"]
[EventDate "2011.03.05"]

1. e4 c5 2. Nc3 d6 3. f4 e6 4. Nf3 Nf6 5. b3 d5 6. e5 d4 7. exf6 dxc3 8. Bd3
Qxf6 9. O-O cxd2 10. Bxd2 Nc6 11. Ne5 Nxe5 12. fxe5 Qe7 13. Bb5+ Bd7 14. Bg5
Bxb5 15. Bxe7 Bxe7 16. Rxf7 Kxf7 17. Qf3+ Kg6 18. Qxb7 Bg5 19. Qxb5 Be3+ 20.
Kh1 Rad8 21. Qc6 Bd4 22. Qxe6+ Kg5 23. Rf1 1-0

[Event "First Saturday 2011 marcius IM"]
[Site "Budapest"]
[Date "2011.03.09"]
[Round "5"]
[White "Lengyel, Bela"]
[Black "Lyell, Mark"]
[Result "1-0"]
[WhiteElo "2296"]
[BlackElo "2181"]
[PlyCount "127"]
[EventDate "2011.03.05"]

1. e4 e5 2. Nf3 Nc6 3. Bb5 f5 4. Nc3 fxe4 5. Nxe4 Nf6 6. Nxf6+ Qxf6 7. Qe2 Be7
8. Bxc6 bxc6 9. Nxe5 Qe6 10. Nf3 d6 11. Qxe6 Bxe6 12. O-O Bd5 13. Nd4 Bf6 14.
Ne2 Rb8 15. Nc3 Bf7 16. Ne4 Bh4 17. b3 Bg6 18. d3 h6 19. Bd2 O-O 20. Rae1 Rbe8
21. Ba5 Re7 22. Ng3 Ref7 23. Bc3 Kh7 24. Re2 c5 25. Rfe1 Rf4 26. f3 h5 27. Re6
Bd8 28. h3 h4 29. Nf1 Bf7 30. R6e4 Rxe4 31. Rxe4 Bd5 32. Ra4 Re8 33. Kf2 Bg5
34. Rxa7 Re7 35. Ra4 Rf7 36. Rg4 Bd8 37. Bd2 Bf6 38. Bg5 Bd4+ 39. Be3 Bf6 40.
Nd2 Be6 41. Ra4 Bd7 42. Ra7 d5 43. Bxc5 Be5 44. Nf1 Rf6 45. b4 Re6 46. a4 Bc3
47. b5 Be1+ 48. Kg1 Re2 49. Rxc7 Rxc2 50. Rxd7 Rxc5 51. Ne3 Rc1 52. Kf1 d4 53.
Nd5 Ba5+ 54. Ke2 Re1+ 55. Kf2 Rb1 56. f4 Rb2+ 57. Kf3 Rd2 58. f5 Rxd3+ 59. Ke4
Rd1 60. Nf6+ Kh8 61. Ng4 Re1+ 62. Kd3 Rd1+ 63. Kc2 Rd2+ 64. Kb3 1-0

[Event "First Saturday 2011 marcius IM"]
[Site "Budapest"]
[Date "2011.03.09"]
[Round "5"]
[White "Battey, Alexander"]
[Black "Rzayev, Bahruz"]
[Result "1-0"]
[WhiteElo "2260"]
[BlackElo "2230"]
[PlyCount "59"]
[EventDate "2011.03.05"]

1. d4 c5 2. d5 e5 3. e4 d6 4. Bb5+ Nd7 5. a4 Be7 6. Nf3 Ngf6 7. Nc3 O-O 8. O-O
Ne8 9. Nd2 g6 10. Nc4 f5 11. Bh6 Ng7 12. f4 Nf6 13. fxe5 Ng4 14. exd6 Bf6 15.
e5 Nxe5 16. Nxe5 Bxe5 17. Qd2 Bxd6 18. Bf4 Nh5 19. Bxd6 Qxd6 20. Rae1 a6 21.
Bc4 Bd7 22. a5 Rae8 23. Rxe8 Bxe8 24. g4 fxg4 25. Rxf8+ Kxf8 26. Ne4 Qe5 27.
Nxc5 Ng7 28. Qc3 Qe7 29. Ne6+ Kg8 30. d6 1-0

[Event "First Saturday 2011 marcius IM"]
[Site "Budapest"]
[Date "2011.03.09"]
[Round "5"]
[White "Bagi, Mate"]
[Black "Szalanczy, Emil"]
[Result "0-1"]
[WhiteElo "2238"]
[BlackElo "2269"]
[PlyCount "75"]
[EventDate "2011.03.05"]

1. e4 c5 2. Nf3 d6 3. d4 cxd4 4. Nxd4 Nf6 5. Nc3 g6 6. Be3 Bg7 7. f3 Nc6 8. Qd2
O-O 9. O-O-O a5 10. g4 a4 11. a3 Qa5 12. h4 Bxg4 13. fxg4 Nxg4 14. Ndb5 h5 15.
Be2 Nce5 16. Kb1 e6 17. Rhf1 Ra6 18. Bg5 f6 19. Bf4 Rb6 20. Nxd6 Rd8 21. Nc4
Rxb2+ 22. Kxb2 Nxc4+ 23. Bxc4 Rxd2 24. Rxd2 f5 25. e5 Nxe5 26. Bxe5 Qxe5 27.
Rf3 Qe4 28. Be2 Qxh4 29. Rd7 e5 30. Rfd3 e4 31. Rd8+ Kh7 32. R3d7 Kh6 33. Rc8
Qf2 34. Bd1 Qb6+ 35. Ka1 h4 36. Rcc7 Be5 37. Rh7+ Kg5 38. Rc4 0-1

[Event "First Saturday 2011 marcius IM"]
[Site "Budapest"]
[Date "2011.03.09"]
[Round "5"]
[White "To, Nhat Minh"]
[Black "Farago, Sandor"]
[Result "1/2-1/2"]
[WhiteElo "2345"]
[BlackElo "2295"]
[PlyCount "37"]
[EventDate "2011.03.05"]

1. e4 c5 2. c3 d5 3. exd5 Qxd5 4. d4 Nf6 5. Nf3 e6 6. Be3 cxd4 7. cxd4 Bb4+ 8.
Nc3 Bd7 9. Bd3 Bb5 10. O-O Bxc3 11. bxc3 O-O 12. Bxb5 Qxb5 13. Rb1 Qa6 14. Qb3
b6 15. Bg5 Nbd7 16. c4 Rac8 17. Rfc1 Rc7 18. Rc2 Rfc8 19. Rbc1 1/2-1/2

[Event "First Saturday 2011 marcius IM"]
[Site "Budapest"]
[Date "2011.03.10"]
[Round "6"]
[White "Farago, Sandor"]
[Black "Tran, Tuan Minh"]
[Result "0-1"]
[WhiteElo "2295"]
[BlackElo "2295"]
[PlyCount "82"]
[EventDate "2011.03.05"]

1. d4 e6 2. c4 f5 3. g3 Nf6 4. Bg2 c6 5. Nf3 d5 6. b3 Bd6 7. O-O Qe7 8. Bb2 O-O
9. Qc1 b5 10. Nbd2 a5 11. c5 Bc7 12. Ne5 Bxe5 13. dxe5 Nfd7 14. b4 axb4 15. Nb3
Na6 16. Bd4 Bb7 17. f3 Nc7 18. Qd2 Ra4 19. e4 Rd8 20. Qe3 Rda8 21. Rf2 Nf8 22.
Bh3 Bc8 23. Kh1 Bd7 24. Rg2 Ng6 25. exf5 exf5 26. f4 Be6 27. Qd3 Qf7 28. Rb2
Bd7 29. Qc2 Ra3 30. Rd1 Rf8 31. Rd2 Ra4 32. Nc1 Ne6 33. Ne2 Rfa8 34. Kg1 Ngf8
35. Bg2 Nd8 36. Nc1 Nfe6 37. Bf2 Nb7 38. Nd3 Qf8 39. Re2 Na5 40. Nxb4 Nc4 41.
Qb1 Nxc5 {after 27 move} 0-1

[Event "First Saturday 2011 marcius IM"]
[Site "Budapest"]
[Date "2011.03.10"]
[Round "6"]
[White "Rzayev, Bahruz"]
[Black "Bagi, Mate"]
[Result "0-1"]
[WhiteElo "2230"]
[BlackElo "2238"]
[PlyCount "146"]
[EventDate "2011.03.05"]

1. e4 e5 2. Nc3 Nf6 3. Bc4 Nc6 4. d3 Na5 5. Nge2 Be7 6. O-O O-O 7. a4 Nxc4 8.
dxc4 d6 9. Qd3 c6 10. f4 Ng4 11. Kh1 exf4 12. Bxf4 Ne5 13. Qg3 Bh4 14. Qe3 Nxc4
15. Qd4 Be6 16. Nd5 Ne5 17. Ne3 Bf6 18. Qb4 Qe7 19. Ng3 g6 20. Rad1 Rad8 21. c4
Bg7 22. b3 Rfe8 23. Rf2 c5 24. Qd2 Ng4 25. Nxg4 Bxg4 26. Rdf1 Rf8 27. Bg5 f6
28. Bf4 Rf7 29. Qd3 Bc8 30. Rd2 Qe6 31. Rfd1 Bf8 32. Qe3 b6 33. Ne2 Bb7 34. Nc3
Rfd7 35. Qf3 Re8 36. Re2 Bg7 37. Rde1 Qf7 38. Nd5 Re6 39. Bd2 Bxd5 40. cxd5 Re8
41. Rf2 Qe7 42. Bc3 Rf8 43. Ref1 f5 44. Bxg7 Qxg7 45. Qd3 Rdf7 46. exf5 Rxf5
47. Rxf5 Rxf5 48. Rxf5 gxf5 49. h4 Qg4 50. Qa6 Qxh4+ 51. Kg1 Qe1+ 52. Kh2 Qh4+
53. Kg1 Qe7 54. Qc8+ Kg7 55. g3 Kf6 56. Kf2 Ke5 57. Qg8 Kd4 58. Qe6 Qg5 59.
Qxd6 Qe3+ 60. Kg2 Qe5 61. Qf8 Qxd5+ 62. Kh2 Kc3 63. Qg7+ Kxb3 64. Qxa7 Qd2+ 65.
Kh3 Qh6+ 66. Kg2 Qc6+ 67. Kh2 Qh6+ 68. Kg2 c4 69. Qf7 Qc6+ 70. Kh3 Qc8 71. Qxh7
c3 72. Qf7+ Ka3 73. a5 c2 0-1

[Event "First Saturday 2011 marcius IM"]
[Site "Budapest"]
[Date "2011.03.10"]
[Round "6"]
[White "Koczo, Kristof"]
[Black "Lengyel, Bela"]
[Result "1/2-1/2"]
[WhiteElo "2264"]
[BlackElo "2296"]
[PlyCount "34"]
[EventDate "2011.03.05"]

1. d4 d5 2. c4 e6 3. Nc3 Nf6 4. cxd5 exd5 5. Bg5 Be7 6. e3 Nbd7 7. Bd3 O-O 8.
Nf3 c6 9. Qc2 Re8 10. O-O Nf8 11. Rab1 a5 12. a3 Bd6 13. Rbe1 Bg4 14. Nd2 h6
15. Bh4 Be6 16. Bg3 Bxg3 17. hxg3 Re7 1/2-1/2